Podržať si vnútornú slobodu a nezávislosť

Bibliographic Details
Main Author: Mikloško, František, 1947- (Author)
Format: Article
Language:Slovak

MARC

LEADER 00000nab a2200000uu 4500
001 vtls011538406
003 SK-MaSNL
005 20260225185218.0
008 230121|2000 xo |||||||||||||||||slo|
015 |a SNBRB 
035 |a (urnnbn)urn:nbn:sk:snk:ar-a09nxm 
035 |a (uuid)9fe8a291-2184-4b51-8b3e-4e3db6feca4a 
035 |a urn:nbn:sk:snk-abex4c 
040 |a SNKBUCL  |b slo  |c SNKBUCL  |e AACR2 
041 0 |a slo 
044 |a xo  |c SK 
100 1 |a Mikloško, František,  |d 1947-  |4 aut 
245 1 0 |a Podržať si vnútornú slobodu a nezávislosť  |c František Mikloško 
773 0 |t Kritika & kontext  |g Roč. 5, č. 2 (2000), s. 79-80 
954 |a odborná, vedecká literatúra pôvodná (slovenská)  |2 lita 
958 |a OND 
958 |a EUIPO 
958 |a article22 
999 |c 1887113  |d 1889043